000 00448nam a2200169 a 4500
001 0000-8952
003 ELIB.Books
008 110520 1987
035 _a(ELIB.Books)0000-9100
082 _a221.823
_bKai
100 _aKaiser, Walter C.
245 _aToward Rediscovering the O.T
260 _bGrand Rapids; Zondervan Publishing House
_c1987
650 _aOld Testament
942 _2ddc
_cBK
998 _cbat
_e2011-05-20
999 _c8952
_d8952